书目信息 |
| 题名: |
走进人类心灵
|
|
| 作者: | 罗斯 著 ;李稚平 译 | |
| 分册: | ||
| 出版信息: | 北京 春秋出版社 1989.11 |
|
| 页数: | 232页 | |
| 开本: | 19cm | |
| 丛书名: | 智能开发译丛 | |
| 单 册: | ||
| 中图分类: | TP11-49 , G4-51 | |
| 科图分类: | 73.82059 | |
| 主题词: | 人工智能--普及读物 , 教育 | |
| 电子资源: | ||
| ISBN: | 7-5069-0177-3 | |
| 000 | 01118nam2 2200313 45 | |
| 001 | 0190017706 | |
| 005 | 20061101104547.70 | |
| 010 | @a7-5069-0177-3@dCNY3.00 | |
| 100 | @a19921223d1989 em y0chiy0121 ea | |
| 101 | 1 | @achi@ceng |
| 102 | @aCN@b110000 | |
| 105 | @ay z 000yy | |
| 200 | 10 | @a走进人类心灵@AZOU JIN REN LEI XIN LING@e向人工智能的挑战@EXIANG REN GONG ZHI NENG DE TIAO ZHAN@f(美)罗 斯著@F( MEI ) LUO SI ZHU@g李稚平等译 |
| 210 | @a北京@c春秋出版社@d1989.11 | |
| 215 | @a232页@d19cm | |
| 225 | 2 | @a智能开发译丛@f廖一帆主编 |
| 300 | @a著者原题:弗兰克·罗斯 | |
| 330 | @a本书用小说的体裁介绍美国人工智能研究的成果,主要通过描述加里福尼亚大学伯克利分校人工智能小组各个成员的研究活动及其出身背景来辐射反映全美国的人工智能研究成果。 | |
| 410 | 0 | @120010@a智能开发译丛 |
| 540 | 1 | @a走进 人类 心灵@AZOU JIN REN LEI XIN LING |
| 606 | @a人工智能@x普及读物 | |
| 606 | 0 | @a教育 |
| 690 | @aTP11-49@v三版 | |
| 690 | @aG4-51@v3 | |
| 692 | @a73.82059 | |
| 701 | 1 | @a罗斯@ALUO SI@b弗兰克@4著 |
| 702 | 0 | @a李稚平@ALI ZHI PING@4译 |
| 801 | 0 | @aCN@bTSSF@c20061101 |
| 905 | @a10447@dG4-51@e25:9 | |
| 走进人类心灵:向人工智能的挑战/(美)罗 斯著/李稚平等译.-北京:春秋出版社,1989.11 |
| 232页;19cm.-(智能开发译丛/廖一帆主编) |
| 著者原题:弗兰克·罗斯 |
| ISBN 7-5069-0177-3:CNY3.00 |
| 本书用小说的体裁介绍美国人工智能研究的成果,主要通过描述加里福尼亚大学伯克利分校人工智能小组各个成员的研究活动及其出身背景来辐射反映全美国的人工智能研究成果。 |
| ● |
| 相关链接 |
|
|
|
|
正题名:走进人类心灵
索取号:G4-51/25:9
 
预约/预借
| 序号 | 登录号 | 条形码 | 馆藏地/架位号 | 状态 | 备注 |
| 1 | 0227624 | 002055858 | 第一样本阅览室/ [索取号:G4-51/25:9] | 在馆 |